| 000 | 01354cam a22003497a 4500 | ||
|---|---|---|---|
| 999 |
_c57718 _d57718 |
||
| 001 | 16711397 | ||
| 005 | 20201006132402.0 | ||
| 008 | 110329s2011 njua 000 0 eng d | ||
| 010 | _a 2011926319 | ||
| 016 | 7 |
_a015715766 _2Uk |
|
| 020 | _a9780470942734 | ||
| 020 | _a0470942738 | ||
| 035 | _a(OCoLC)ocn687714280 | ||
| 041 | _aeng | ||
| 080 | _a620.1.23 A-30 | ||
| 100 | 1 |
_aAllen, James H. _99593 |
|
| 245 | 1 | 0 |
_aMechanics of materials for dummies / _cby James H. Allen III, PE, PHD. |
| 264 |
_aHoboken, NJ : _bWiley, _c2011. |
||
| 300 |
_a370 p. : _bill. ; _c24 cm. |
||
| 650 | 0 |
_aMaterials _xMechanical properties. _99594 |
|
| 650 | 0 |
_aStrength of materials. _99595 |
|
| 650 | 0 | 7 |
_aFestigkeitslehre. _2swd _99596 |
| 653 | _aმექანიკა | ||
| 653 | _aმექანიკური მასალები | ||
| 830 | 0 |
_a--For dummies. _99597 |
|
| 856 | 4 | 2 |
_3Contributor biographical information _uhttp://www.loc.gov/catdir/enhancements/fy1305/2011926319-b.html |
| 856 | 4 | 2 |
_3Publisher description _uhttp://www.loc.gov/catdir/enhancements/fy1305/2011926319-d.html |
| 856 | 4 | 1 |
_3Table of contents only _uhttp://www.loc.gov/catdir/enhancements/fy1305/2011926319-t.html |
| 942 |
_2udc _cBK |
||
| 955 |
_bxh14 2013-04-03 z-processor _ixh14 2013-04-05 to BCCD |
||
| 955 |
_apc24 2011-03-29 _axh00 2011-12-23 2 copies to USPL/STM |
||